000 00544nam a22001817a 4500
003 PILC
005 20151105163256.0
008 151105b xxu||||| |||| 00| 0 eng d
020 _a9789719802808
050 _aHF 5681
_b.B35 2015
100 _aBalocating, R.D.
245 _aAdvanced accounting /
_cR.D. Balocating.
260 _aQuezon City :
_bC & E Publishing,
_c2015.
300 _axii, 335 pages :
_billustrations ;
_c26 cm.
500 _aIncludes bibliographical references and index.
650 _aAccounting.
942 _2lcc
_cBK
_kFIL
999 _c288943
_d288943